| 000 | 00904nam a2200277 i 4500 | ||
|---|---|---|---|
| 001 | bg | ||
| 003 | BPK | ||
| 005 | 20210210104920.0 | ||
| 008 | 010420s1976 pl a f |000 0 pol | ||
| 015 | _aPB 1977/1592 | ||
| 040 |
_aWA N _cBPK |
||
| 041 | 0 | _apol | |
| 080 | _a628.1/.3 | ||
| 080 | _a(075.3) | ||
| 100 | 1 |
_aDindorf, Lesław _eAutor |
|
| 245 | 1 | 0 |
_aTechnologia robót sieci wodociągowej i kanalizacyjnej / _cLesław Dindorf. |
| 260 |
_a[Warszawa] : _bWydawnictwa Szkolne i Pedagogiczne, _c1976. |
||
| 300 |
_a274, [1] s. : _bil., tab., wykr. ; _c21 cm. |
||
| 504 | _aBibliogr. | ||
| 655 | 4 | _aPodręczniki dla szkół zawodowych | |
| 650 | 4 | _aKanalizacja | |
| 650 | 4 | _aWodociąg | |
| 710 | 2 |
_aWydawnictwa Szkolne i Pedagogiczne. _4pbl. |
|
| 856 |
_uhttp://koha.tu.koszalin.pl/cgi-bin/koha/opac-detail.pl?biblionumber=5269 _yKatalog online BPK |
||
| 942 |
_2UKD _cKS |
||
| 999 |
_c5269 _d5269 |
||